Southville International School and Colleges
Your cart is empty.
  • Cart
  • Lists
    Public lists Eva Luna New books Lux_list list_1
    Your lists Log in to create your own lists
  • Log in to your account
  • Your cookies
  • Search history
Southville International School and Colleges
  • Advanced search
  • Recent comments
  • Most popular
  • Libraries

Log in to your account

Log in with GOOGLE


If you do not have an external account, but do have a local account, you can still log in:

  1. Home
  2. MARC view: Team building /
Normal view MARC view ISBD view

Team building / (Record no. 20238)

[ view plain ]
MARC details
000 -LEADER
fixed length control field 00597nam a2200205 a 4500
005 - DATE AND TIME OF LATEST TRANSACTION
control field 20140310183216.0
008 - FIXED-LENGTH DATA ELEMENTS--GENERAL INFORMATION
fixed length control field 030620s19uu xx 00 eng d
020 ## - INTERNATIONAL STANDARD BOOK NUMBER
International Standard Book Number 0201180375
050 ## - LIBRARY OF CONGRESS CALL NUMBER
Classification number HD 66
Item number .D94 1987
100 ## - MAIN ENTRY--PERSONAL NAME
Personal name Dyer, William G.
245 ## - TITLE STATEMENT
Title Team building /
Statement of responsibility, etc William G. Dyer.
260 ## - PUBLICATION, DISTRIBUTION, ETC. (IMPRINT)
Place of publication, distribution, etc Reading, Massachusetts :
Name of publisher, distributor, etc Addison-Wesley Publishing,
Date of publication, distribution, etc 1987.
300 ## - PHYSICAL DESCRIPTION
Extent 171 p. :
Dimensions 18 cm.
440 ## - SERIES STATEMENT/ADDED ENTRY--TITLE
Title The Addison-Wesley series on organization dvelopment
521 ## - TARGET AUDIENCE NOTE
Target audience note
650 ## - SUBJECT ADDED ENTRY--TOPICAL TERM
Topical term or geographic name as entry element Work groups
650 ## - SUBJECT ADDED ENTRY--TOPICAL TERM
Topical term or geographic name as entry element Organizational change
942 ## - ADDED ENTRY ELEMENTS (KOHA)
Koha item type Books
Source of classification or shelving scheme Library of Congress Classification
Call number prefix Foreign
Holdings
Withdrawn status Lost status Source of classification or shelving scheme Damaged status Home library Current library Shelving location Date acquired Source of acquisition Total Checkouts Full call number Barcode Date last seen Copy number Price effective from Koha item type
    Library of Congress Classification   Archives Archives   09/18/2009 Donation   HD 66 .D94 1987 C3923 05/15/2018 1 10/10/2013 Books

Team building /

APA

Dyer W. G., . (1987). Team building. Reading, Massachusetts: Addison-Wesley Publishing.

Chicago

Dyer William G, . 1987. Team building. Reading, Massachusetts: Addison-Wesley Publishing.

Harvard

Dyer W. G., . (1987). Team building. Reading, Massachusetts: Addison-Wesley Publishing.

MLA

Dyer William G, . Team building. Reading, Massachusetts: Addison-Wesley Publishing. 1987.

  • Place hold
  • Print
  • Cite
  • Add to your cart (remove)
  • Save record
    BIBTEX Dublin Core MARCXML MARC (non-Unicode/MARC-8) MARC (Unicode/UTF-8) MARC (Unicode/UTF-8, Standard) MODS (XML) RIS
  • More searches
    Search for this title in:
    Other Libraries (WorldCat) Other Databases (Google Scholar) Online Stores (Bookfinder.com) Open Library (openlibrary.org)

Exporting to Dublin Core...

SOUTHVILLE LIBRARY

Southville International School and Colleges Library

1281 Tropical Ave. Cor. Luxembourg St., BF Homes International, Las Pinas City

Tel. No. 8256374 / 252358 Loc. 117/146

Powered by Koha